| 000 | 00403nam a2200157 a 4500 | ||
|---|---|---|---|
| 005 | 20140414093848.0 | ||
| 008 | 110520s19uu xx 00 eng d | ||
| 020 | _a1419858815 | ||
| 050 |
_aDVD 880 _bTRO 2007 |
||
| 100 | _aPitt, Brad | ||
| 245 |
_aTroy : _bDirector's cut / _cBrad Pitt. |
||
| 260 |
_aCalifornia : _bWarner brothers, _c2007. |
||
| 650 | _aMythology | ||
| 942 | _cAVM | ||
| 999 |
_c109754 _d109754 |
||